000 00573nam a2200193Ia 4500
008 151121s9999||||xx |||||||||||||| ||und||
082 _a813/कदम
082 _bHNW-115099
100 _aकदम बाबा
245 _aनिराधार
260 _b"दिलीपराज प्रकाशन प्रा। लि।, पुणे।"
260 _c2003
300 _a324
600 _aकदम बाबा
630 _aनिराधार
700 _aकदम बाबा
730 _aनिराधार
942 _cBOOK
999 _c1263863
_d1263860